El galano arte de leer : (Record no. 25809)

MARC details
000 -CABECERA
campo de control de longitud fija 00728nam a2200217 a 4500
005 - FECHA Y HORA DE LA ÚLTIMA TRANSACCIÓN
campo de control 20251203063938.0
008 - ELEMENTOS DE LONGITUD FIJA--INFORMACIÓN GENERAL
campo de control de longitud fija 991125s1968 mx 000 0 spa u
035 ## - NÚMERO DE CONTROL DEL SISTEMA
Número de control de sistema UPN01000025809
049 ## - COLECCIÓN
Colección LT
050 #4 - SIGNATURA TOPOGRÁFICA DE LA BIBLIOTECA DEL CONGRESO
Número de clasificación LB1633 M6
Número de documento/Ítem G34 1968
245 03 - MENCIÓN DE TÍTULO
Título El galano arte de leer :
Resto del título antología didáctica /
Mención de responsabilidad, etc. comp. Manuel Michaus, Jesús Domínguez Rosas
260 ## - PUBLICACIÓN, DISTRIBUCIÓN, ETC.
Lugar de publicación, distribución, etc. México :
Nombre del editor, distribuidor, etc. Trillas,
Fecha de publicación, distribución, etc. 1968
300 ## - DESCRIPCIÓN FÍSICA
Extensión 354 p.
500 ## - NOTA GENERAL
Nota general Disponible en la Colección Medina
650 #4 - ASIENTO SECUNDARIO DE MATERIA - TERMINO TEMATICO
Término de materia o nombre geográfico como elemento de entrada Español
Subdivisión general Estudio y enseñanza (Secundaria)
9 (RLIN) 7237
650 #4 - ASIENTO SECUNDARIO DE MATERIA - TERMINO TEMATICO
Término de materia o nombre geográfico como elemento de entrada Intereses en la lectura
9 (RLIN) 4851
700 1# - ASIENTO SECUNDARIO--NOMBRE DE PERSONAL
Nombre de persona Michaus Marroquín, Manuel,
Término indicativo de función/relación comp.
9 (RLIN) 39899
700 2# - ASIENTO SECUNDARIO--NOMBRE DE PERSONAL
Nombre de persona Domínguez Rosas, Jesús,
Fechas asociadas al nombre 1902-,
Término indicativo de función/relación comp.
904 ## - ELEMENTOS DE DATOS D LOCAL, LDD (RLIN)
a AC
b 025810
905 ## - TIPO DE MATERIAL
Tipo de material Libro
Holdings
Estado de retiro Estado de pérdida Fuente del sistema de clasificación o colocación Estado dañado No para préstamo Código de colección Localización permanente Ubicación/localización actual Ubicación en estantería Fecha de adquisición Enumeración/cronología de publicación seriada Clasificación Código de barras Fecha visto por última vez Número de copia Tipo de ítem Koha
    Library of Congress Classification   Disponible (Préstamo en sala) Colección Medina Bib. Gregorio Torres Quintero Bib. Gregorio Torres Quintero Colecciones especiales Planta alta 30/01/2023 - LB1633 M6 G34 1968 101965 31/12/2020 1 Libro